FC 24 TOTW 9 - Statistics

General Stats
  • This quiz has been taken 6 times
  • The average score is 6 of 18
Answer Stats
rat pos club player % Correct
TOTW 91 ST Al-Ittihad Karim Benzema
100%
TOTW 92 LW Paris Saint-Germain Kylian Mbappé
100%
TOTW 86 LWB Inter Milan Federico Dimarco
80%
TOTW 86 ST Real Madrid Rodrygo
60%
TOTW 84 RB SL Benfica Fredrik Aursnes
40%
TOTW 86 CB Bayer Leverkusen Odilon Kossounou
40%
TOTW 84 LB Arsenal Oleksandr Zinchenko
40%
TOTW 83 CM Feyenoord Quinten Timber
40%
TOTW 83 LW FC St. Gallen Chadrac Akolo
20%
TOTW 83 LM Hatayspor Didier Lamkel Zé
20%
TOTW 83 ST Bournemouth Dominic Solanke
20%
TOTW 83 RM Borussia Monchengladbach Franck Honorat
20%
TOTW 83 CDM US Sassuolo Kristian Thorstvedt
20%
TOTW 86 LM NJ/NY Gotham Lynn Williams
20%
TOTW 83 CB Puszcza Niepołomice Artur Crăciun
0%
TOTW 84 GK Girona Paulo Gazzainga
0%
TOTW 83 GK AS Monaco Philipp Köhn
0%
TOTW 83 ST Werder Bremen Frauen Sophie Weidauer
0%
No matching quizzes found
Score Distribution
Percent of People with Each Score
Percentile by Number Answered
Your Score History
You have not taken this quiz